000 00368 a2200109 4500
020 _a9780415436793
082 _a624.15136 NG
100 _aNg, Charles W. W.
245 _aAdvanced Unsaturated Soil Mechanics and Engineering
_cCharles W. W. Ng, Bruce Menzies
260 _aLondon :
_bTaylor and Francis Group,
_c2007
300 _axxi, 687p. :
_bill. ;
_c24 cm
650 _aSoil Mechanics -- Engineering
999 _c1124
_d1124